000 00332nam a2200133Ia 4500
008 100328s9999 xx 000 0 und d
082 _b61168
100 _aColter Cara.
245 _aHusband by Inheritance.
260 _bMills & Boon.
630 _aHusband by Inheritance.
730 _aHusband by Inheritance.
942 _cBOOK
999 _c547271
_d547268